000 00607cam a22001571 4500
082 _a951.8
_bETH
100 1 _aEtherton, Percy Thomas,
_950331
245 1 0 _aManchuria, the cockpit of Asia,
_cby Colonel P. T. Etherton and H. Hessell Tiltman, with sixteen reproductions from photographs and a map.
260 _aNew York,
_bFrederick A. Stokes company,
_c1932.
300 _ax, 327 p.
_bfront., plates, fold. map.
_c21 cm.
526 _a0
_b0
_c0
_d951_800000000000000_ETH
650 0 _aEastern question (Far East)
_949504
650 0 _aMCE
_9379
700 1 _aTillman, Hubert Hessell,
_950332
942 _2ddc
_cBK
999 _c553056
_d553056